000 00452nam a2200181Ia 4500
003 GCL
008 140319s9999 xx 000 0 eng d
040 _aGCL /
_cGCL
082 0 4 _aCH
_b938
_bM D
100 1 _aMACDONALD, FIONA
245 1 0 _aDE MEMOIRE DE: GRECS /
_cMACDONALD, FIONA
700 1 _aBERGIN, MARK
260 _a[S.N] :
_bTHE SALARIYA BOOK LTD ،
_c1995
300 _a48 P
650 0 4 _aGREECS
650 0 4 _aCHILDREN
942 _2ddc
_cBK
999 _c13840
_d13840